000 00584nmm a2200181Ia 4500
008 251105s9999||||xx |||||||||||||||||und||
041 _aspa
100 _aRobledo Sacristán, Clodoaldo
245 0 _aProgramación en Android
264 _a[Madrid, España] :
_bMinisterio de Educación, Cultura y Deporte de España,
_c2012
300 _a448 páginas
490 _aAula Mentor
650 _aTechnology and computing
700 _aRobledo Sacristán, Clodoaldo
700 1 _a Robledo Fernández, David
856 _uhttps://public.digitaliapublishing.com/a/20927
942 _cCF
999 _c70600
_d70600